000 00478cam a22001934a 4500
005 20250605163517.0
008 250528s ||||||||||||||||||||||||d
035 _a20772
020 _a9607643143
040 _aGR-AtMCL
_bgre
_dGR-AtMCL
_eAACR2
245 1 _aΟΙ ΚΟΙΝΩΝΙΚΕΣ ΕΠΙΣΤΗΜΕΣ
250 _a1
260 _bΤυπωθητω,
_c1995
300 _a237
700 1 _aΓεμτος Πετρος
942 _cBK
999 _c5855
_d5855